00401nam a2200169Ia 4500003000400000005001700004008004100021020001400062040000700076041000800083082002100091100002300112245002200135260004500157300001600202365001300218OSt20230330154115.0210423s2008 xx 000 0 und d a978879031 cAL aeng a791.4223b BELV aBELAVADI (Vasuki). aVideo production. aNew DelhibOxford University Pressc2008 axii,333bPB b325cINR